Statistics for Population Comparison Quiz

Click here to take the quiz!

General Stats

  • This quiz has been taken 30 times
  • The average score is 9 of 21

Answer Stats

QuestionAnswer% Correct
Which country has the largest population?Bangladesh
86%
Which has the largest population?California
61%
Which country has the largest population?Colombia
57%
Which has the largest population?Texas
57%
Which country has the largest population?Egypt
54%
Which urban area has the largest population?Saint Petersburg
50%
Which U.S. metropolitan area has the largest population?Jacksonville
46%
Which city proper has the largest population?Phoenix
46%
Which island has the largest population?Sumatra
43%
Which urban area has the largest population?Cairo
39%
Which country has the largest population?Iraq
39%
Which has the largest population?Ontario
39%
Which has the largest population?South Africa
39%
Which urban area has the largest population?Kuala Lumpur
36%
Which has the largest population?Georgia (US state)
29%
Which country has the largest population?Uganda
29%
Which city proper has the largest population?Shanghai
25%
Which region has the largest population?Bashkortostan
21%
Which region has the largest population?Provence-Alpes-Côte d'Azur
21%
Which has the largest population?Slovakia
21%
Which has the largest population?Assam
14%

Score Distribution

Percentile by Number Answered

Percent of People with Each Score

Your Score History

You have not taken this quiz